00490cam a22001217a 4500008004000000020001800040100003200058245014900090260002400239300001000263999001900273952007600292180718b2015 xxu||||| |||| 00| 0 eng d a9789383833214 aKoormachalam, Vishnu Murthy aLaw and social security in India ( organised and unorganised labour) : a comparison with other advanced countriescby Vishnu Murthy Koormachalam aMumbaibAartic2015 a687p. c503376d503376 00104070aIIPAbIIPAd2018-08-04pGR19904r2018-08-04w2018-08-04yGR